Click the Benson Boone Song Title Ending - Statistics

General Stats
  • This quiz has been taken 47 times
  • The average score is 22 of 25
Answer Stats
Hint Answer % Correct
Slow It Down
98%
Sorry I'm Here For Someone Else
98%
Mystical Magical
95%
Nights Like These
95%
Work of Art
93%
There She Goes
93%
Beautiful Things
93%
Ghost Town
93%
Before You
93%
Better Alone
90%
To Love Someone
90%
Empty Heart Shaped Box
88%
Coffee Cake
88%
My Greatest Fear
88%
In The Stars
88%
Mr. Electric Blue
85%
Forever and a Day
85%
Let Me Go
85%
Sugar Sweet
85%
What Was
83%
Momma Song
80%
Death Wish Love
78%
Little Runaway
78%
Pretty Slowly
78%
Lovely Darling
76%
No matching quizzes found
Score Distribution
Percent of People with Each Score
Percentile by Number Answered
Your Score History
You have not taken this quiz